Euro vivre l'euro au quotidien
Salvato in:
| Autore principale: | |
|---|---|
| Natura: | Libro |
| Lingua: | francese |
| Pubblicazione: |
Paris
Balland/Jacob-Duvernet
1998
|
| Soggetti: | |
| Tags: |
Nessun Tag, puoi essere il primo ad aggiungerne!!
|
MARC
| LEADER | 00000nam$a2200000$$$4500 | ||
|---|---|---|---|
| 001 | 0115612 | ||
| 005 | 20240111125211.8 | ||
| 020 | |a 2-7158-1184-5 | ||
| 041 | 0 | |a fre | |
| 044 | |a FR | ||
| 245 | 1 | 0 | |a Euro |b vivre l'euro au quotidien |c Marie-Christine Vallet |
| 264 | 1 | |a Paris |b Balland/Jacob-Duvernet |c 1998 | |
| 300 | |a 126 s. | ||
| 610 | 2 | 0 | |a euro |
| 610 | 2 | 0 | |a peniaze |
| 610 | 2 | 0 | |a politika menová |
| 100 | 1 | |a Vallet, Marie-Christine | |